| 000 | 00819nam a2200205 a 4500 | ||
|---|---|---|---|
| 001 | 000021717 | ||
| 005 | 20200930011425.0 | ||
| 008 | 100910s2007 dr c 000 0 spa d | ||
| 040 |
_aDO-SdBNP _bspa _cBNPHU |
||
| 082 |
_a972.9372 _bC965h |
||
| 100 | 1 |
_aCuello, Rafael Antonio _945156 |
|
| 245 | 1 | 0 |
_aHistoria fundamental y cronológica de Azua / _cRafael Antonio Cuello ; prólogo Rafael Guaroa D Soto Sánchez. |
| 260 |
_aSanto Domingo : _bSusaeta, _c2007. |
||
| 500 | _aLa biblioteca posee 1 ejemplar autografiado por el autor. | ||
| 651 | 4 |
_aAzua (República Dominicana{Rpara} _xHistoria Local _922073 |
|
| 651 | 4 |
_aAzua (República Dominicana{Rpara} _xVida Social Y Costumbres _912428 |
|
| 651 | 4 |
_aRepública Dominicana _xHistoria _9170 |
|
| 700 | 1 |
_aD'Soto Sánchez, Rafael Guaroa, _epról. _945157 |
|
| 049 | _aBNPD | ||
| 999 |
_c21216 _d21216 |
||